Constitución 1958

שמור ב:
מידע ביבליוגרפי
פורמט: ספר
שפה:ספרדית
יצא לאור: Embajada de Francia 1970
נושאים:
תגים: הוספת תג
אין תגיות, היה/י הראשונ/ה לתייג את הרשומה!

MARC

LEADER 00000nam a2200000 a 4500
001 UCY0993
003 CL-VaPUC
008 940819e19700000SP |||||||||||||||||spa|d
082 0 4 |a 342.44  |b CON  |2 21 
245 1 0 |a Constitución 1958 
246 1 3 |a La constitución de Francia: adoptada en el referendum del 28 de septiembre de 1958 y promulgada el 4 de octubre de 1958 
300 |a 44 p 
942 |c BK 
945 |d 19940819 00:00:00  |a aalvarez 
260 |b Embajada de Francia  |c 1970 
500 |a Con las enmiendas de 18 de mayo de 1960, 28 de octubre de 1962, 30 de diciembre de 1963 y 29 de octubre de 1974 
651 0 |a Francia  |9 255157 
583 |a last modification  |c 20120821 07:11:45  |k Rodrigo Vera 
999 |c 229833  |d 229831 
952 |0 0  |1 0  |2 ddc  |4 0  |6 342_440000000000000_CON_1970  |7 0  |8 A  |9 231520  |a BIBDER  |b BIBDER  |d 2019-11-15  |i 3010678  |l 2  |m 1  |o 342.44 CON 1970  |p 3010678  |r 2023-01-25  |s 2022-08-31  |w 2019-11-15  |y MX  |k DER